| 000 | 00437nam a2200157 a 4500 | ||
|---|---|---|---|
| 001 | 000045361 | ||
| 005 | 20240307183156.0 | ||
| 008 | 150305s2014 dr a 000 0 spa d | ||
| 020 | _a9789945896411 | ||
| 040 |
_aDO-SdBNP _bspa _cBNPHU |
||
| 082 |
_axxxx _bxxxx |
||
| 100 | 1 |
_aCabral, Euri _91097 |
|
| 245 | 1 | 0 |
_aAgenda para sembrar valores / _cEuri Cabral. |
| 260 |
_aSanto Domingo : _bIanna, _c2014. |
||
| 300 |
_a[298] p. : _bil. ; _c23 cm. |
||
| 999 |
_c44850 _d44850 |
||